Mexico... or Argentina? - Statistics

General Stats
  • This quiz has been taken 23 times
  • The average score is 11 of 20
Answer Stats
Question Answer % Correct
Has won the FIFA World Cup Argentina
100%
Is the birthplace of a pope Argentina
100%
Has the impact crater of the asteroid which killed the dinosaurs Mexico
100%
Is home to one of the 7 new wonders of the world Mexico
100%
Is part of the Southern Cone Argentina
67%
Is the second largest economy on its continent (GDP PPP) Both
67%
Its capital is it largest city Both
67%
Was invaded by France Mexico
67%
Has lost over 50% of its land since independence Mexico
67%
Has a higher population density Mexico
67%
Holds the tallest building in Latin America Mexico
67%
Has an ongoing territorial dispute Argentina
33%
Was once ranked among the top 10 countries in the world by GDP per capita Argentina
33%
Ranks as very high in the Human Development Index Argentina
33%
Was an empire after independence Mexico
33%
Sent troops overseas during World War 2 Mexico
33%
Is the most visited country in Latin America Mexico
33%
Is considered a Major Non-Nato Ally Argentina
0%
Suffered from a "Dirty War" in the 70s Both
0%
Is considered a megadiverse country Mexico
0%
No matching quizzes found
Score Distribution
Percent of People with Each Score
Percentile by Number Answered
Your Score History
You have not taken this quiz